000 00555nam a22001577a 4500
082 _a670.5
100 _aJamil, Abuzar
245 _aNumerical Investigation Of Spheroid Particles In Different Arrangements /
_cAbuzar Jamil
260 _aIslamabad :
_bSMME - NUST,
_c2016.
300 _a56 p. ;
_c30cm.
650 _aDesign & Manufacturing Engineering-MS-Thesis
_917179
700 _aDr. Emad Uddin
_916253
856 _uhttp://10.250.8.41:8080/xmlui/handle/123456789/12859
942 _2ddc
_cTHE
999 _c541138
_d541138